HELLO...My Name Is...'H' Quiz Stats

Quiz Updated Dec 25, 2014

Challenge
Share
Tweet
Score 0/25 Timer 04:00
13 Plays Today
Column % Correct
Halle Berry
93.8%
Harrison Ford
89.4%
Hulk Hogan
85.8%
Hugh Hefner
84%
Heath Ledger
79.3%
Helen Hunt
72.9%
Henry Fonda
68%
Haley Joel Osment
67.6%
Howie Mandel
67%
Howard Stern
65%
Harry Belafonte
64.4%
Humphrey Bogart
61.8%
Hayden Panettiere
59.4%
Column % Correct
Heidi Klum
54.1%
Hank Williams Jr.
53.8%
Hilary Swank
52.6%
Harpo Marx
49.7%
Huey Lewis
42.2%
Holly Hunter
42%
Harvey Keitel
36.8%
Hoda Kotb
35.2%
Hervé Vaillechaize
29.9%
Hume Cronyn
20.7%
Herbie Hancock
16.5%
Hope Lange
11.2%

You're not logged in!

Compare scores with friends on all Sporcle quizzes.
Join for Free
OR
Log In

You Might Also Like...

Show Comments

Extras

Top Quizzes Today


Score Distribution

Your Account Isn't Verified!

In order to create a playlist on Sporcle, you need to verify the email address you used during registration. Go to your Sporcle Settings to finish the process.

Report this User

Report this user for behavior that violates our Community Guidelines.

Details: